[Event "22nd Abu Dhabi Masters"]
[Site "Abu Dhabi UAE"]
[Date "2015.08.25"]
[Round "4.7"]
[White "Timofeev,Arty"]
[Black "Onischuk,V"]
[Result "1/2-1/2"]
[WhiteTitle "GM"]
[BlackTitle "GM"]
[WhiteElo "2542"]
[BlackElo "2618"]
[WhiteFideId "4140419"]
[BlackFideId "14114038"]
[EventDate "2015.08.23"]

1. c4 d6 2. Nc3 g6 3. g3 Bg7 4. Bg2 Nf6 5. Nf3 O-O 6. O-O e5 7. d3 Nc6 8. Rb1 a5
9. a3 Re8 10. Bg5 h6 11. Bxf6 Bxf6 12. b4 axb4 13. axb4 Bg7 14. b5 Ne7 15. Qc2
Be6 16. Nd2 c6 17. bxc6 bxc6 18. Rb7 Rb8 19. Rxb8 Qxb8 20. Rb1 Qa7 21. Qb3 Ra8
22. h4 f5 23. Rb2 Qd4 24. e3 Ra1+ 25. Rb1 Qa7 26. Kh2 Kf7 27. Qb4 Qa3 28. e4
Qxb4 29. Rxb4 Rc1 30. Na4 Rc2 31. Rb2 Rxb2 32. Nxb2 Ke8 33. Bh3 Kd7 34. Kg2 Kc7
35. Na4 h5 36. Nf3 Bg8 37. Ng5 Kb7 38. Kf1 Ka6 39. Ke2 Ka5 40. Nc3 Kb4 41. Nd1
Bf6 42. exf5 gxf5 43. Ne3 f4 44. gxf4 exf4 45. Ng2 Ng6 46. Be6 Bxg5 47. Bxg8
Bxh4 48. Bh7 Nf8 49. Bf5 Bg5 1/2-1/2

[Event "22nd Abu Dhabi Masters"]
[Site "Abu Dhabi UAE"]
[Date "2015.08.25"]
[Round "4.8"]
[White "Pascua,H"]
[Black "Swiercz,D"]
[Result "1/2-1/2"]
[WhiteTitle "IM"]
[BlackTitle "GM"]
[WhiteElo "2447"]
[BlackElo "2617"]
[WhiteFideId "5203953"]
[BlackFideId "1126881"]
[EventDate "2015.08.23"]

1. d4 Nf6 2. c4 g6 3. Nf3 Bg7 4. g3 O-O 5. Bg2 c5 6. d5 e6 7. Nc3 exd5 8. cxd5
d6 9. O-O Re8 10. Nd2 a6 11. a4 Nbd7 12. e4 Rb8 13. Nc4 Ne5 14. Na3 b5 15. axb5
axb5 16. Naxb5 Qb6 17. h3 Ba6 18. Rxa6 Qxa6 19. Nc7 Qb6 20. Nxe8 Nxe8 21. Re1
Nc4 22. Re2 Nc7 23. Rc2 Na6 24. Bf1 Ne5 25. Be3 Nb4 26. Rc1 Qd8 27. f4 Nd7 28.
Qd2 Qe7 29. Bf2 Ra8 30. Re1 Qf8 31. Nb5 Ra2 32. Nc3 Ra8 33. Nb5 Ra2 34. Nc3 1/2-1/2

[Event "22nd Abu Dhabi Masters"]
[Site "Abu Dhabi UAE"]
[Date "2015.08.25"]
[Round "4.9"]
[White "Prohaszka,P2"]
[Black "Romanov,E"]
[Result "1/2-1/2"]
[WhiteTitle "GM"]
[BlackTitle "GM"]
[WhiteElo "2602"]
[BlackElo "2586"]
[WhiteFideId "726265"]
[BlackFideId "4148843"]
[EventDate "2015.08.23"]

1. d4 Nf6 2. c4 e6 3. Nf3 b6 4. g3 Ba6 5. Qb3 Nc6 6. Nbd2 Na5 7. Qc3 c5 8. dxc5
bxc5 9. e4 Bb7 10. e5 Ne4 11. Nxe4 Bxe4 12. Bg2 Nc6 13. O-O Be7 14. b3 O-O 15.
Bb2 f6 16. Qe3 Bxf3 17. Bxf3 Qb6 18. Rad1 Rad8 19. Bxc6 Qxc6 20. Rd3 fxe5 21.
Bxe5 Rf7 22. f4 d5 23. Qf3 Qb6 24. Kg2 d4 25. Re1 a5 26. a4 Bd6 27. Qg4 1/2-1/2

[Event "22nd Abu Dhabi Masters"]
[Site "Abu Dhabi UAE"]
[Date "2015.08.25"]
[Round "4.10"]
[White "Vakhidov,J"]
[Black "Sjugirov,S"]
[Result "1/2-1/2"]
[WhiteTitle "GM"]
[BlackTitle "GM"]
[WhiteElo "2525"]
[BlackElo "2664"]
[WhiteFideId "14201801"]
[BlackFideId "4189302"]
[EventDate "2015.08.23"]

1. Nf3 c5 2. c4 Nc6 3. Nc3 e5 4. e3 Nf6 5. Be2 d5 6. cxd5 Nxd5 7. O-O Be7 8. Bb5
Nxc3 9. bxc3 Qc7 10. d4 exd4 11. cxd4 cxd4 12. Nxd4 O-O 13. Qc2 Bd6 14. Bxc6
bxc6 15. h3 Bd7 16. Bb2 Rab8 17. Rfd1 Rfd8 18. Nf3 h6 19. Rxd6 Qxd6 20. Be5 Qa3
21. Bxb8 Rxb8 22. Rd1 Be6 23. Nd4 Bd5 24. Nxc6 Bxc6 25. Qxc6 Qxa2 26. Qc7 Rf8
27. Qe5 a6 28. Ra1 Qc4 29. Qa5 Ra8 30. Kh2 Qc6 31. Qe5 Rd8 32. Qa5 Qd6+ 33. f4
Re8 34. Qxa6 Qxa6 35. Rxa6 1/2-1/2

[Event "22nd Abu Dhabi Masters"]
[Site "Abu Dhabi UAE"]
[Date "2015.08.25"]
[Round "4.11"]
[White "Nevednichy,V"]
[Black "Almasi,Z"]
[Result "1-0"]
[WhiteTitle "GM"]
[BlackTitle "GM"]
[WhiteElo "2549"]
[BlackElo "2700"]
[WhiteFideId "1205730"]
[BlackFideId "702293"]
[EventDate "2015.08.23"]

1. e4 c5 2. Nf3 d6 3. Bb5+ Nd7 4. d4 cxd4 5. Qxd4 Nf6 6. O-O a6 7. Bxd7+ Bxd7 8.
Bg5 h6 9. Bxf6 gxf6 10. Nc3 Rg8 11. Nd5 Bh3 12. Ne1 Rc8 13. c4 Rc6 14. Kh1 Bd7
15. Nc2 Bg7 16. Qd3 e6 17. Nde3 Bf8 18. f4 Rc8 19. Nd4 Be7 20. b3 Qa5 21. a4 Qc5
22. Rab1 a5 23. Rbd1 Rd8 24. f5 Qe5 25. Rde1 Qc5 26. Re2 Rc8 27. Nb5 Kd8 28. Qd2
b6 29. Nc2 Rg5 30. Ncd4 h5 31. Rd1 Qb4 32. Qd3 Bxb5 33. axb5 Kd7 34. Nf3 Rg7 35.
e5 Qc5 36. exd6 1-0

[Event "22nd Abu Dhabi Masters"]
[Site "Abu Dhabi UAE"]
[Date "2015.08.25"]
[Round "4.13"]
[White "Visakh,N R"]
[Black "Rapport,R"]
[Result "0-1"]
[BlackTitle "GM"]
[WhiteElo "2411"]
[BlackElo "2671"]
[WhiteFideId "25012223"]
[BlackFideId "738590"]
[EventDate "2015.08.23"]

1. d4 Nf6 2. c4 c5 3. d5 e6 4. Nc3 Bd6 5. Nf3 Bc7 6. g3 exd5 7. cxd5 d6 8. Bg2
O-O 9. O-O Re8 10. Nd2 a6 11. a4 Nbd7 12. Nc4 Ne5 13. b3 Nxc4 14. bxc4 Ba5 15.
Bd2 Bf5 16. f3 Nd7 17. e4 Bg6 18. Ne2 Bb4 19. Qc2 Qa5 20. Bf4 Ne5 21. h3 f6 22.
g4 h5 23. Be3 hxg4 24. fxg4 Re7 25. Kh1 Rae8 26. Ng3 Bc3 27. Rac1 Bd4 28. Bd2
Qc7 29. Bf4 Qd7 30. Rb1 Nxg4 31. Rb6 Ne3 32. Bxe3 Bxe3 33. Nf5 Bxf5 34. Rxf5 Bd4
35. Kh2 g6 36. Rf1 Rh7 37. Rfb1 Qg4 38. Qd3 Be5+ 39. Kg1 Qf4 40. Rxb7 Qh2+ 41.
Kf1 Rh4 42. Rb8 Rf4+ 43. Bf3 Bd4 44. Rxe8+ Kf7 45. Ke1 Qf2+ 46. Kd1 Rxf3 47. Qe2
Qf1+ 0-1

[Event "22nd Abu Dhabi Masters"]
[Site "Abu Dhabi UAE"]
[Date "2015.08.25"]
[Round "4.14"]
[White "Areshchenko,A"]
[Black "Stopa,Ja"]
[Result "1-0"]
[WhiteTitle "GM"]
[BlackTitle "GM"]
[WhiteElo "2661"]
[BlackElo "2544"]
[WhiteFideId "14109530"]
[BlackFideId "1119591"]
[EventDate "2015.08.23"]

1. e4 e5 2. Nf3 Nc6 3. Bb5 a6 4. Ba4 Nf6 5. O-O b5 6. Bb3 Bc5 7. c3 d6 8. d4 Bb6
9. Be3 Bg4 10. Nbd2 O-O 11. h3 exd4 12. cxd4 Bh5 13. Qc1 Na5 14. Bc2 Re8 15. b4
Nc4 16. Nxc4 bxc4 17. Nd2 c3 18. Nb1 a5 19. bxa5 Bxa5 20. f3 Qb8 21. Bb3 Qb4 22.
Na3 Bb6 23. Nc2 Qa5 24. Bf2 Rec8 25. Qf4 Bg6 26. Rad1 c5 27. dxc5 Bxc5 28. Bxc5
dxc5 29. Bc4 Qa4 30. Ne3 Re8 31. Bb3 Qa7 32. Nc4 Rad8 33. Rxd8 Rxd8 34. Qe3 c2
35. Qc3 Rd1 36. Qxc2 Rxf1+ 37. Kxf1 Qc7 38. Qd2 1-0

[Event "22nd Abu Dhabi Masters"]
[Site "Abu Dhabi UAE"]
[Date "2015.08.25"]
[Round "4.15"]
[White "Asgarizadeh,A"]
[Black "Shankland,S"]
[Result "1/2-1/2"]
[WhiteTitle "IM"]
[BlackTitle "GM"]
[WhiteElo "2407"]
[BlackElo "2655"]
[WhiteFideId "12505684"]
[BlackFideId "2004887"]
[EventDate "2015.08.23"]

1. e4 c5 2. Nf3 e6 3. d4 cxd4 4. Nxd4 Nc6 5. Nc3 Qc7 6. Be3 a6 7. Be2 Nf6 8. O-O
Be7 9. f4 d6 10. Qe1 O-O 11. Kh1 Nxd4 12. Bxd4 b5 13. Qg3 Bb7 14. a3 Rad8 15.
Bd3 Rd7 16. Rae1 Re8 17. a4 bxa4 18. Nxa4 d5 19. e5 Ne4 20. Qe3 Qc6 21. b3 Rc7
22. Ra1 Nc5 23. Nxc5 Bxc5 24. Ra4 g6 25. Rfa1 Rec8 26. Bxc5 Qxc5 27. Qxc5 Rxc5
28. Kg1 Kg7 29. R1a2 Bc6 30. Rxa6 Bb5 31. R6a5 1/2-1/2

[Event "22nd Abu Dhabi Masters"]
[Site "Abu Dhabi UAE"]
[Date "2015.08.25"]
[Round "4.16"]
[White "Akopian,Vl"]
[Black "Horvath,Ad1"]
[Result "1/2-1/2"]
[WhiteTitle "GM"]
[BlackTitle "GM"]
[WhiteElo "2647"]
[BlackElo "2540"]
[WhiteFideId "13300032"]
[BlackFideId "708003"]
[EventDate "2015.08.23"]

1. e4 c5 2. Nf3 e6 3. d4 cxd4 4. Nxd4 Nc6 5. Nc3 Qc7 6. Be3 a6 7. Qd2 Nf6 8.
O-O-O Be7 9. f3 b5 10. Kb1 Bb7 11. Bf4 e5 12. Nf5 exf4 13. Nd5 Nxd5 14. exd5 Nb4
15. d6 Qxc2+ 16. Qxc2 Nxc2 17. Nxg7+ Kf8 18. dxe7+ Kxg7 19. Kxc2 Rhc8+ 20. Kb1
Re8 21. Rd4 Rxe7 22. Bd3 Rae8 23. Rd1 h6 24. Rxf4 Re1 25. Kc2 Bd5 26. b3 Rc8+
27. Kd2 Re5 28. h4 Be6 29. Rd4 a5 30. g4 Rd5 31. Rxd5 Bxd5 32. f4 a4 33. bxa4
bxa4 34. a3 Bf3 35. Rg1 d5 36. g5 Be4 37. Bxe4 dxe4 38. f5 hxg5 39. hxg5 e3+ 40.
Kxe3 Rc3+ 41. Kf4 Rxa3 42. f6+ Kg8 43. Re1 Rb3 44. Re8+ Kh7 45. Rf8 Rb7 46. Ra8
a3 47. Rxa3 Rb4+ 48. Kg3 Kg6 1/2-1/2

[Event "22nd Abu Dhabi Masters"]
[Site "Abu Dhabi UAE"]
[Date "2015.08.25"]
[Round "4.17"]
[White "Abhishek,K"]
[Black "Petrosian,TL"]
[Result "0-1"]
[BlackTitle "GM"]
[WhiteElo "2400"]
[BlackElo "2623"]
[WhiteFideId "5019257"]
[BlackFideId "13301616"]
[EventDate "2015.08.23"]

1. c4 c6 2. Nf3 d5 3. d4 Nf6 4. Nc3 dxc4 5. a4 Bf5 6. e3 e6 7. Bxc4 Bb4 8. O-O
Nbd7 9. Nh4 O-O 10. h3 Bg6 11. Nxg6 hxg6 12. Qb3 Qb6 13. Bd2 a5 14. Rfd1 Qa7 15.
Qc2 Rad8 16. Bb3 Qb6 17. Rac1 Nb8 18. Ba2 Na6 19. Qb3 Rd7 20. Ne2 Qd8 21. Bc3
Bd6 22. Bb1 Nd5 23. e4 Nf4 24. Ng3 Bb4 25. e5 Qe7 26. Be4 Rfd8 27. Bf3 Qg5 28.
Kf1 Nd5 29. Kg1 Ne7 30. Be2 Qf4 31. Bxa6 bxa6 32. Qc4 c5 33. Ne2 Qe4 34. Bxb4
axb4 35. Ng3 Qb7 36. d5 Rxd5 37. Rxd5 Rxd5 38. Qf4 Nf5 39. Ne4 Qc7 40. Kh2 a5
41. Rc4 Qxe5 42. Qxe5 Rxe5 43. Nxc5 Re2 44. Ne4 f6 45. b3 e5 46. Kg1 Nd4 47. Nc5
Rb2 48. f3 g5 49. Nb7 Nxb3 50. Rc7 Ra2 51. Nd6 Nd4 52. Ne8 b3 0-1

[Event "22nd Abu Dhabi Masters"]
[Site "Abu Dhabi UAE"]
[Date "2015.08.25"]
[Round "4.18"]
[White "Rakhmanov,Ale"]
[Black "Ris,R"]
[Result "1-0"]
[WhiteTitle "GM"]
[BlackTitle "IM"]
[WhiteElo "2620"]
[BlackElo "2449"]
[WhiteFideId "4173708"]
[BlackFideId "1011480"]
[EventDate "2015.08.23"]

1. c4 Nf6 2. Nc3 e5 3. Nf3 Nc6 4. d4 exd4 5. Nxd4 Bb4 6. Bg5 h6 7. Bh4 Bxc3+ 8.
bxc3 Ne5 9. e3 d6 10. Be2 Ng6 11. Bg3 Ne4 12. Qc2 Qe7 13. Bd3 Nxg3 14. hxg3 Ne5
15. Rb1 O-O 16. Be2 Re8 17. Qe4 c5 18. Nf5 Qf6 19. g4 Bd7 20. Qf4 g5 21. Rxh6
Bxf5 22. Rxf6 gxf4 23. gxf5 fxe3 24. f4 Nc6 25. Rxb7 Re7 26. Rxe7 Nxe7 27. Rxd6
Rb8 28. g4 Rb1+ 29. Rd1 Rb2 30. Rd3 Rb1+ 31. Bd1 Nc6 32. Rxe3 Na5 33. Re4 Ra1
34. a4 Kg7 35. g5 Nb3 36. Re7 1-0

[Event "22nd Abu Dhabi Masters"]
[Site "Abu Dhabi UAE"]
[Date "2015.08.25"]
[Round "4.19"]
[White "Rohan,A"]
[Black "Gupta,Ab"]
[Result "0-1"]
[WhiteTitle "FM"]
[BlackTitle "GM"]
[WhiteElo "2389"]
[BlackElo "2619"]
[WhiteFideId "5090598"]
[BlackFideId "5010608"]
[EventDate "2015.08.23"]

1. Nf3 g6 2. g3 Bg7 3. d4 c5 4. c3 Qa5 5. Bg2 cxd4 6. Nxd4 Nf6 7. O-O O-O 8. c4
Nc6 9. Nc3 Qc5 10. Nxc6 dxc6 11. Qb3 Qh5 12. Rd1 Rb8 13. Qa3 Bh3 14. Qxa7 e5 15.
f3 b6 16. Qa4 Rfc8 17. Bxh3 Qxh3 18. Be3 h5 19. Bf2 h4 20. Rd6 hxg3 21. hxg3 e4
22. Rxc6 Re8 23. Nxe4 Rxe4 24. Rxf6 Rxe2 25. Rf4 Rxf2 26. Kxf2 Qh2+ 27. Ke3 b5
28. cxb5 Re8+ 29. Re4 Bh6+ 30. Kd4 Qd2+ 31. Kc5 Rc8+ 0-1

[Event "22nd Abu Dhabi Masters"]
[Site "Abu Dhabi UAE"]
[Date "2015.08.25"]
[Round "4.20"]
[White "Ghaem Maghami,E"]
[Black "Karavade,E"]
[Result "1/2-1/2"]
[WhiteTitle "GM"]
[BlackTitle "IM"]
[WhiteElo "2609"]
[BlackElo "2409"]
[WhiteFideId "12500739"]
[BlackFideId "5012600"]
[EventDate "2015.08.23"]

1. c4 c6 2. e4 d5 3. exd5 cxd5 4. d4 Nf6 5. Nc3 Nc6 6. Nf3 Bg4 7. cxd5 Nxd5 8.
Qb3 Bxf3 9. gxf3 Nb6 10. Be3 e6 11. d5 exd5 12. O-O-O Be7 13. Bxb6 Qxb6 14. Qxb6
axb6 15. Nxd5 O-O 16. Nxe7+ Nxe7 17. Kb1 Rac8 18. Bd3 Rfd8 19. Be4 Nc6 20. Rxd8+
Rxd8 21. Rc1 Rd6 22. b4 Kf8 23. b5 Nd4 24. a4 Rd7 25. Rd1 Ke7 26. Bxb7 Ne6 27.
Rxd7+ Kxd7 28. Bd5 Nc5 29. Bxf7 Nxa4 30. Kc2 Kd6 31. Kb3 Nc5+ 32. Kc4 Ke5 33.
Bg8 h6 34. f4+ Kxf4 35. Kd5 Kf3 36. Kc6 Na4 37. Bb3 Nc3 38. Kxb6 g5 39. Kc5 Nxb5
40. Kxb5 Kxf2 41. Be6 Kg2 42. h3 h5 43. Kc5 Kg3 44. Kd4 g4 45. hxg4 hxg4 46. Ke4
Kf2 47. Bxg4 1/2-1/2

[Event "22nd Abu Dhabi Masters"]
[Site "Abu Dhabi UAE"]
[Date "2015.08.25"]
[Round "4.21"]
[White "Tissir,M"]
[Black "Kovchan,A"]
[Result "0-1"]
[WhiteTitle "IM"]
[BlackTitle "GM"]
[WhiteElo "2351"]
[BlackElo "2605"]
[WhiteFideId "9000240"]
[BlackFideId "14103052"]
[EventDate "2015.08.23"]

1. e4 c5 2. Nf3 Nc6 3. d4 cxd4 4. Nxd4 g6 5. Nc3 Bg7 6. Be3 Nf6 7. Bc4 d6 8. h3
O-O 9. O-O Nd7 10. Re1 Nde5 11. Bb3 Bd7 12. f4 Nxd4 13. Bxd4 Nc6 14. Bxg7 Kxg7
15. Nd5 Qa5 16. c3 Qc5+ 17. Kh1 e6 18. Ne3 Rad8 19. Qd2 Ne7 20. Rad1 Bc6 21. Bc2
a6 22. Qf2 Ng8 23. Qh4 Rd7 24. f5 Nf6 25. Ng4 Nxg4 26. Qxg4 Qe5 27. Rf1 Re8 28.
Rd2 Kh8 29. fxe6 Qxe6 30. Qh4 Kg7 31. a3 h6 32. Rd4 Qe5 33. Bb3 Bxe4 34. Rxe4
Qxe4 35. Qf6+ Kh7 36. Bxf7 Ree7 37. Ba2 Qe5 38. Qf8 Qg7 39. Qf3 Re5 40. Bb1 Rde7
41. Qg3 R7e6 42. Qf3 Re1 0-1

[Event "22nd Abu Dhabi Masters"]
[Site "Abu Dhabi UAE"]
[Date "2015.08.25"]
[Round "4.22"]
[White "Firouzja,Alireza"]
[Black "Sumets,A"]
[Result "0-1"]
[BlackTitle "GM"]
[WhiteElo "2309"]
[BlackElo "2596"]
[WhiteFideId "12573981"]
[BlackFideId "14105500"]
[EventDate "2015.08.23"]

1. e4 e6 2. d4 d5 3. Nc3 Nf6 4. Bg5 dxe4 5. Nxe4 Be7 6. Bxf6 gxf6 7. Nf3 a6 8.
c4 b6 9. Qd2 Bb7 10. Nc3 Qd6 11. O-O-O Nd7 12. Qe3 O-O-O 13. d5 Qc5 14. dxe6
Qxe3+ 15. fxe3 fxe6 16. Nd4 Nf8 17. Be2 f5 18. Bf3 Bf6 19. c5 Bxf3 20. gxf3 bxc5
21. Nb3 Nd7 22. Na4 Be7 23. Kb1 Rhg8 24. Rhg1 Rg6 25. Rc1 Rh8 26. Rgd1 Rd8 27.
Naxc5 Nxc5 28. Rxd8+ Kxd8 29. Nxc5 Rh6 30. Nxa6 Bd6 31. a4 Rxh2 32. a5 f4 33. e4
Kc8 34. Nc5 e5 35. a6 Kb8 36. Na4 Rf2 37. Nc3 Rxf3 38. Nb5 Rb3 39. a7+ Ka8 40.
Nxc7+ Bxc7 41. Rxc7 Rb7 42. Rc3 Kxa7 43. Kc2 Rb4 44. Rc7+ Kb6 45. Rxh7 Rxe4 46.
Kd3 Rd4+ 47. Ke2 Kc5 48. Kf3 Rb4 49. Rh2 Kd5 50. Kg4 Rb8 51. Rd2+ Ke6 52. Kf3
Kf5 53. Rc2 e4+ 54. Ke2 Kg4 55. Rd2 Rb3 0-1

[Event "22nd Abu Dhabi Masters"]
[Site "Abu Dhabi UAE"]
[Date "2015.08.25"]
[Round "4.23"]
[White "Patil,Pr2"]
[Black "Gabuzyan,H"]
[Result "0-1"]
[BlackTitle "GM"]
[WhiteElo "2186"]
[BlackElo "2593"]
[WhiteFideId "5038758"]
[BlackFideId "13303732"]
[EventDate "2015.08.23"]

1. e4 c5 2. Nf3 d6 3. Bb5+ Bd7 4. Bxd7+ Nxd7 5. O-O Ngf6 6. Re1 g6 7. c3 Bg7 8.
d4 O-O 9. e5 dxe5 10. dxe5 Ng4 11. e6 Nde5 12. Nxe5 Nxe5 13. exf7+ Rxf7 14.
Qxd8+ Rxd8 15. Be3 Nd3 16. Rd1 Rff8 17. Na3 b6 18. Rd2 Nxb2 19. Rxb2 Bxc3 20.
Rbb1 Bxa1 21. Rxa1 Rd3 22. Nc4 Rfd8 23. Kf1 Rd1+ 24. Rxd1 Rxd1+ 25. Ke2 Ra1 26.
a3 b5 27. Ne5 b4 28. axb4 cxb4 29. Kd3 a5 30. Kc4 Rb1 31. Nc6 b3 32. Nxa5 b2 33.
Kb3 Ra1 34. Kxb2 Rxa5 35. Kc3 Kf7 36. Kd3 Kf6 37. Ke4 Ra4+ 38. Kf3 Kf5 39. h3 h5
40. g3 g5 41. Bc5 e6 42. Bb6 Ra3+ 43. Kg2 g4 44. Bc5 Rb3 45. Ba7 Ke4 46. Bc5 Rb2
47. Be3 Kd3 48. Bc5 e5 49. Be3 e4 50. Ba7 Ke2 51. Be3 Rb3 52. Bc5 Rf3 53. Bb6 e3
54. fxe3 Rf2+ 55. Kg1 Kf3 56. Bc7 Re2 57. Bf4 Re1+ 58. Kh2 Rxe3 0-1

[Event "22nd Abu Dhabi Masters"]
[Site "Abu Dhabi UAE"]
[Date "2015.08.25"]
[Round "4.24"]
[White "Sandipan,C"]
[Black "Gaponenko,I"]
[Result "1-0"]
[WhiteTitle "GM"]
[BlackTitle "IM"]
[WhiteElo "2585"]
[BlackElo "2402"]
[WhiteFideId "5004225"]
[BlackFideId "14101181"]
[EventDate "2015.08.23"]

1. d4 Nf6 2. Nf3 g6 3. g3 Bg7 4. Bg2 c5 5. d5 d6 6. c4 O-O 7. Nc3 e6 8. O-O exd5
9. cxd5 Re8 10. Nd2 a6 11. a4 Nbd7 12. Nc4 Ne5 13. Nxe5 Rxe5 14. e4 Re8 15. h3
Rb8 16. Rb1 b5 17. axb5 axb5 18. b4 cxb4 19. Rxb4 Qa5 20. Qb3 Nd7 21. Be3 Ba6
22. Rb1 Nc5 23. Qa2 Qxa2 24. Nxa2 Nd3 25. R4b3 Nc5 26. Ra3 b4 27. Rxb4 Bb2 28.
Ra5 Bd3 29. Bxc5 dxc5 30. Rxc5 Rxb4 31. Nxb4 Bxe4 32. Bxe4 Rxe4 33. Nc6 Re1+ 34.
Kg2 Ba3 35. Rb5 Kg7 36. Rb7 Bc5 37. f4 Re2+ 38. Kf1 Rf2+ 39. Ke1 Rh2 40. Ne5
Bf2+ 41. Ke2 Bxg3+ 42. Kf3 Be1 43. d6 Rxh3+ 44. Ke4 Rh2 45. Nxf7 Ba5 46. Ne5+
Kg8 47. Nc6 Be1 48. d7 Bh4 49. d8=Q+ Bxd8 50. Nxd8 Re2+ 51. Kf3 Re8 52. Nc6 Re6
53. Rc7 Rd6 54. Kg4 Rf6 55. Ne7+ Kf8 56. Nd5 Rf5 57. Ne3 h5+ 58. Kg3 Rb5 59. Kh4
Ra5 60. Rd7 Rb5 61. Nd5 Ra5 62. Ne7 Ke8 63. Rb7 Ra6 64. Kg5 1-0

[Event "22nd Abu Dhabi Masters"]
[Site "Abu Dhabi UAE"]
[Date "2015.08.25"]
[Round "4.25"]
[White "Ghorbani,H"]
[Black "Vaibhav,S"]
[Result "0-1"]
[BlackTitle "GM"]
[WhiteElo "2084"]
[BlackElo "2552"]
[WhiteFideId "12502910"]
[BlackFideId "5045185"]
[EventDate "2015.08.23"]

1. d4 Nf6 2. c4 e6 3. Nf3 d5 4. g3 Bb4+ 5. Bd2 Be7 6. b3 O-O 7. Bg2 c6 8. O-O b6
9. Qc2 Ba6 10. Bf4 Nbd7 11. Rd1 Rc8 12. Nc3 Nh5 13. Bc1 f5 14. Bb2 Bd6 15. e3
Qe7 16. Bf1 Bb7 17. cxd5 exd5 18. Bd3 g6 19. Qe2 Rce8 20. Nh4 Ndf6 21. Ng2 Qd7
22. Qf3 Ne4 23. Nf4 Nhf6 24. h3 Qg7 25. Bf1 g5 26. Nh5 Nxh5 27. Qxh5 Nf6 28. Qf3
f4 29. exf4 gxf4 30. g4 Bc8 31. Bd3 h5 32. g5 Qxg5+ 33. Kh1 Bg4 34. Qg2 f3 35.
Qg1 Qh4 0-1

[Event "22nd Abu Dhabi Masters"]
[Site "Abu Dhabi UAE"]
[Date "2015.08.25"]
[Round "4.27"]
[White "Kowsarinia,A"]
[Black "Gopal,G"]
[Result "0-1"]
[WhiteTitle "FM"]
[BlackTitle "GM"]
[WhiteElo "2332"]
[BlackElo "2562"]
[WhiteFideId "12500089"]
[BlackFideId "5015693"]
[EventDate "2015.08.23"]

1. d4 d5 2. c4 c6 3. Nf3 Nf6 4. Qc2 dxc4 5. Qxc4 Bg4 6. Bf4 Nbd7 7. Nbd2 e6 8.
e4 Be7 9. Be2 O-O 10. O-O Bh5 11. Rac1 Bg6 12. Bd3 c5 13. Rfe1 a6 14. a4 Rc8 15.
b4 cxb4 16. Qb3 Nb8 17. Rxc8 Qxc8 18. d5 exd5 19. exd5 Bxd3 20. Qxd3 Re8 21. Ne4
Nbd7 22. d6 Bf8 23. Rc1 Qd8 24. Bg5 h6 25. Bxf6 Nxf6 26. Nxf6+ Qxf6 27. d7 Rd8
28. Rd1 Qe6 29. Qd4 b3 30. Ne5 g6 31. Qc3 Bg7 32. Qc7 Qe7 33. Nc4 b2 34. Na3 Be5
35. Qc8 Bf6 36. Nb1 Qe2 37. Rf1 Qd3 38. Qxb7 Rxd7 39. Qc6 Kg7 40. g3 Qxf1+ 0-1

[Event "22nd Abu Dhabi Masters"]
[Site "Abu Dhabi UAE"]
[Date "2015.08.25"]
[Round "4.28"]
[White "Mansour,Sam"]
[Black "Pakleza,Z"]
[Result "0-1"]
[WhiteTitle "FM"]
[BlackTitle "GM"]
[WhiteElo "2292"]
[BlackElo "2520"]
[WhiteFideId "8100144"]
[BlackFideId "1119290"]
[EventDate "2015.08.23"]

1. Nf3 d5 2. c4 d4 3. g3 c5 4. Bg2 Nc6 5. O-O e5 6. d3 Bd6 7. e3 Nge7 8. exd4
cxd4 9. Na3 O-O 10. Nc2 a5 11. Bd2 h6 12. a3 Bf5 13. Qe2 a4 14. Nb4 Ng6 15. Ne1
Na5 16. Rd1 Rb8 17. Nec2 Nb3 18. Nd5 b5 19. cxb5 Rxb5 20. Bb4 Bc8 21. Bxd6 Qxd6
22. Ndb4 Bb7 23. Ne1 f5 24. Bxb7 Rxb7 25. Nf3 Re7 26. Nd2 Nxd2 27. Rxd2 Kh7 28.
Rc2 e4 29. Rc6 Qd7 30. Rfc1 exd3 31. Qd1 d2 32. Qxd2 Ne5 33. Qd1 Nxc6 34. Nxc6
Re6 35. Nb4 f4 36. Nd3 fxg3 37. hxg3 Rc6 38. Rxc6 Qxc6 39. Qg4 Qd5 40. Nf4 Qe4
41. Qd1 d3 0-1

[Event "22nd Abu Dhabi Masters"]
[Site "Abu Dhabi UAE"]
[Date "2015.08.25"]
[Round "4.29"]
[White "Raja,H"]
[Black "Debashis,D"]
[Result "0-1"]
[BlackTitle "GM"]
[WhiteElo "2247"]
[BlackElo "2489"]
[WhiteFideId "5089000"]
[BlackFideId "5024854"]
[EventDate "2015.08.23"]

1. e4 c5 2. c3 d6 3. d4 Nf6 4. Bd3 g6 5. Nf3 Bg7 6. h3 O-O 7. O-O Qc7 8. Bf4
Nbd7 9. Bh2 e5 10. Na3 a6 11. Nc4 Re8 12. a4 b6 13. dxe5 dxe5 14. Bc2 Bf8 15.
Qd2 Bb7 16. Rad1 Rad8 17. Rfe1 Nxe4 18. Qc1 Nef6 19. Ncxe5 Nxe5 20. Bxe5 Rxd1
21. Qxd1 Qc6 22. Bxf6 Rxe1+ 23. Qxe1 Qxf6 24. Be4 Bc8 25. Bd5 Bd7 26. Qe2 Qf5
27. Ne5 Qb1+ 28. Qf1 Qxf1+ 29. Kxf1 Bxa4 30. Bxf7+ Kg7 31. Bc4 a5 32. Bd5 Bd6
33. Nc4 Bc7 34. Na3 Bd7 35. Bc4 h5 36. Ke2 Bc6 37. g3 g5 38. Nb5 Bb8 39. Ke3 Kf6
40. Be2 h4 41. gxh4 Bf4+ 42. Kd3 Bxb5+ 43. c4 Bd7 44. hxg5+ Bxg5 45. b3 Bxh3 46.
Ke4 Bf5+ 47. Kd5 Bc2 48. Kc6 Bd2 0-1

[Event "22nd Abu Dhabi Masters"]
[Site "Abu Dhabi UAE"]
[Date "2015.08.25"]
[Round "4.30"]
[White "Sadzikowski,D"]
[Black "Oganisjn,R"]
[Result "0-1"]
[WhiteTitle "IM"]
[BlackTitle "FM"]
[WhiteElo "2480"]
[BlackElo "2328"]
[WhiteFideId "1132253"]
[BlackFideId "4153006"]
[EventDate "2015.08.23"]

1. e4 c5 2. Nf3 d6 3. d4 cxd4 4. Nxd4 Nf6 5. Nc3 a6 6. Be2 g6 7. Be3 Bg7 8. Qd2
Nc6 9. O-O-O Ng4 10. Bxg4 Bxg4 11. f3 Bd7 12. Nxc6 bxc6 13. Bd4 f6 14. Ne2 Be6
15. Kb1 Bf7 16. Bc3 O-O 17. g4 d5 18. Nc1 Qc8 19. g5 e5 20. gxf6 Bxf6 21. exd5
Bxd5 22. Rhf1 Qf5 23. Ne2 Rad8 24. Qe3 Bg5 25. Qc5 e4 26. Qa7 Rd7 27. Qxa6 exf3
28. Ng3 Qf7 29. b3 f2 30. Qd3 Be6 31. Qe2 Bh3 32. Qe5 Bf6 33. Qxf6 Qxf6 34. Bxf6
Rxd1+ 35. Rxd1 Rxf6 36. Kb2 h5 37. a4 h4 38. Nf1 g5 39. a5 Bxf1 40. Rxf1 g4 0-1

[Event "22nd Abu Dhabi Masters"]
[Site "Abu Dhabi UAE"]
[Date "2015.08.25"]
[Round "4.31"]
[White "Bashirli,Nail"]
[Black "Berescu,A"]
[Result "1-0"]
[WhiteTitle "FM"]
[BlackTitle "GM"]
[WhiteElo "2235"]
[BlackElo "2464"]
[WhiteFideId "13406809"]
[BlackFideId "1204920"]
[EventDate "2015.08.23"]

1. e4 d6 2. d4 Nf6 3. Nc3 c6 4. f4 Qa5 5. Bd3 e5 6. dxe5 dxe5 7. Nf3 Nbd7 8. O-O
Bd6 9. Kh1 exf4 10. Nd4 Ne5 11. Bxf4 Bg4 12. Be2 Rd8 13. Qe1 Qc7 14. Bxg4 Nexg4
15. e5 Bxe5 16. Nf3 Nd7 17. Rd1 f6 18. Nd4 Nc5 19. b4 Rxd4 20. Rxd4 Ne6 21. Bxe5
Nxe5 22. Rd1 O-O 23. Qg3 Qe7 24. Ne4 Kh8 25. a3 Nc7 26. Nc5 Nd5 27. Rde1 Nb6 28.
Nd3 Nbc4 29. Qf4 Re8 30. Re4 b5 31. Rfe1 h6 32. Qg3 Qf7 33. Qf2 Qd7 34. Qg3 Rd8 1-0